01422nac a22003257a 4500001001000000003000900010005001700019008003400036040005400070072000800124090001900132100002300151100002300174100002900197110007600226245017400302246017500476260003200651300000900683490010500692650001000797650001100807650001300818650001400831650002200845909004700867942001700914999001900931952014600950BR8400448BR-BrBNA20240105115928.0230509b bl.|||m| |||| 00| 0 por d aBR-BrBNAbporcBiblioteca Nacional de Agricultura aL72 a5240 BR84004481 aPinheiro, A. da C.1 aEchevarria, F.A.M.1 aAlves-Branco, F. de P.J.1 aUnidade de Execucao de Pesquisa de Ambito Estadual de Bage, RS (Brasil)1 aDescontaminacao das pastagens de ovinos pelo pastoreio alternado com bovinos [Haemonchus contortus, Trichostrongylus colubriformis, verminose, Rio Grande do Sul, Brasil]1 a[Descontamination of sheep pastures through alternate pasturing with bovine [Haemonchus contortus, Trichostrongylus colubriformis, verminosis, Rio Grande do Sul, Brazil]]3 aBage, RS (Brasil): c1983.  a3 p. aPesquisa em Andamento - Unidade de Execucao de Pesquisa de Ambito Estadual de Bage (Brazil)vno. 3x aOVINO aBOVINO aPASTAGEM aVERMINOSE aRIO GRANDE DO SUL a202312bLúcia Elandec55dLúcia Elande 2AGRISn0cMS c277125d277125 002AGRIS40708Acervo Gerala41918b41918cAGROBASEl0o5240 BR8400448p5240 BR8400448r2023-12-18yMSePortaria Interministerial nº 164/94